00242nam a2200085Ia 4500001000800000005001700008008004100025245006400066260002600130101509720250826230854.0250824s9999 xx 000 0 und d 0aHAYAL KURMAK BEDAVA ÖZGÜRLÜK HAYALİcFUAT SEVİMAY bHEP KİTAP YAYINLARI